|
|
|
|
| LEADER |
00000cam a2200000 7i4500 |
| 001 |
0000094683 |
| 005 |
20250115152712.0 |
| 020 |
|
|
|a 9786297645100 (
|q paperback)
|
| 040 |
|
|
|e rda
|
| 041 |
|
|
|a Malay
|
| 090 |
0 |
0 |
|a JP
|b MAL
|
| 100 |
0 |
|
|a Anna Nourel'ain ,
|e (author)
|
| 245 |
1 |
0 |
|a Rumah di atas awan
|c Anna Nourel'ain
|
| 264 |
|
1 |
|a Johor,Malaysia :
|b Sinaran Ilmu Learning & Consultancy PLT
|c 2024
|
| 300 |
|
|
|a 19 pages :
|b colour illustrations ;
|c 20 cm.
|
| 336 |
|
|
|a text
|2 rdacontent
|
| 337 |
|
|
|a unmediated
|2 rdamedia
|
| 338 |
|
|
|a volume
|2 rdacarrier
|
| 500 |
|
|
|a Children age 4-6 years old (yellow)
|
| 541 |
|
|
|c Purchased on 2024
|f Inv23/PPAJ-1 SIL
|h RM15.00
|
| 650 |
|
0 |
|a Children's reading
|x Malay
|
| 650 |
|
0 |
|a Children's stories,Malay
|
| 700 |
0 |
|
|a Afif Naim ,
|e (illustrator)
|
| 700 |
0 |
|
|a Aqil Najwan ,
|e (illustrator)
|
| 730 |
0 |
|
|a Title
|
| 999 |
|
|
|a 0001790874
|b Book
|c Children Collection
|e Desa - PPAJ
|
| 999 |
|
|
|a 0001790875
|b Book
|c Children Collection
|e Desa - PPAJ
|
| 999 |
|
|
|a 0001790876
|b Book
|c Children Collection
|e Desa - PPAJ
|
| 999 |
|
|
|a 0001790877
|b Book
|c Children Collection
|e Desa - PPAJ
|
| 999 |
|
|
|a 0001790878
|b Book
|c Children Collection
|e Desa - PPAJ
|
| 999 |
|
|
|a 0001790879
|b Book
|c Children Collection
|e Desa - PPAJ
|
| 999 |
|
|
|a 0001790880
|b Book
|c Children Collection
|e Desa - PPAJ
|
| 999 |
|
|
|a 0001790881
|b Book
|c Children Collection
|e Desa - PPAJ
|
| 999 |
|
|
|a 0001790882
|b Book
|c Children Collection
|e Desa - PPAJ
|
| 999 |
|
|
|a 0001790883
|b Book
|c Children Collection
|e Desa - PPAJ
|
| 999 |
|
|
|a 0001790884
|b Book
|c Children Collection
|e Desa - PPAJ
|
| 999 |
|
|
|a 0001790885
|b Book
|c Children Collection
|e Desa - PPAJ
|
| 999 |
|
|
|a 0001790886
|b Book
|c Children Collection
|e Desa - PPAJ
|
| 999 |
|
|
|a 0001790887
|b Book
|c Children Collection
|e Desa - PPAJ
|
| 999 |
|
|
|a 0001790888
|b Book
|c Children Collection
|e Desa - PPAJ
|
| 999 |
|
|
|a 0001790889
|b Book
|c Children Collection
|e Desa - PPAJ
|
| 999 |
|
|
|a 0001790890
|b Book
|c Children Collection
|e Desa - PPAJ
|
| 999 |
|
|
|a 0001790891
|b Book
|c Children Collection
|e Desa - PPAJ
|
| 999 |
|
|
|a 0001790892
|b Book
|c Children Collection
|e Desa - PPAJ
|
| 999 |
|
|
|a 0001790893
|b Book
|c Children Collection
|e Desa - PPAJ
|
| 999 |
|
|
|a 0001790894
|b Book
|c Children Collection
|e Desa - PPAJ
|
| 999 |
|
|
|a 0001790895
|b Book
|c Children Collection
|e Desa - PPAJ
|
| 999 |
|
|
|a 0001790896
|b Book
|c Children Collection
|e Desa - PPAJ
|
| 999 |
|
|
|a 0001790897
|b Book
|c Children Collection
|e Desa - PPAJ
|
| 999 |
|
|
|a 0001790898
|b Book
|c Children Collection
|e Desa - PPAJ
|
| 999 |
|
|
|a 0001790899
|b Book
|c Children Collection
|e Desa - PPAJ
|
| 999 |
|
|
|a 0001790900
|b Book
|c Children Collection
|e Desa - PPAJ
|
| 999 |
|
|
|a 0001790901
|b Book
|c Children Collection
|e Desa - PPAJ
|
| 999 |
|
|
|a 0001790902
|b Book
|c Children Collection
|e Desa - PPAJ
|
| 999 |
|
|
|a 0001790903
|b Book
|c Children Collection
|e Desa - PPAJ
|
| 999 |
|
|
|a 0001790904
|b Book
|c Children Collection
|e Desa - PPAJ
|
| 999 |
|
|
|a 0001790905
|b Book
|c Children Collection
|e Desa - PPAJ
|
| 999 |
|
|
|a 0001790906
|b Book
|c Children Collection
|e Desa - PPAJ
|
| 999 |
|
|
|a 0001790907
|b Book
|c Children Collection
|e Desa - PPAJ
|
| 999 |
|
|
|a 0001790908
|b Book
|c Children Collection
|e Desa - PPAJ
|
| 999 |
|
|
|a 0001790909
|b Book
|c Children Collection
|e Desa - PPAJ
|
| 999 |
|
|
|a 0001790910
|b Book
|c Children Collection
|e Desa - PPAJ
|
| 999 |
|
|
|a 0001790911
|b Book
|c Children Collection
|e Desa - PPAJ
|
| 999 |
|
|
|a 0001790912
|b Book
|c Children Collection
|e Desa - PPAJ
|
| 999 |
|
|
|a 0001790913
|b Book
|c Children Collection
|e Desa - PPAJ
|
| 999 |
|
|
|a 0001790914
|b Book
|c Children Collection
|e Desa - PPAJ
|
| 999 |
|
|
|a 0001791348
|b Book
|c Children Collection
|e Perbadanan Perpustakaan Awam Johor
|
| 999 |
|
|
|a 0001791349
|b Book
|c Children Collection
|e Perbadanan Perpustakaan Awam Johor
|
| 999 |
|
|
|a 0001791350
|b Book
|c Children Collection
|e Cawangan AEON Kulaijaya
|
| 999 |
|
|
|a 0001791351
|b Book
|c Children Collection
|e Cawangan Kota Tinggi
|
| 999 |
|
|
|a 0001791352
|b Book
|c Children Collection
|e Cawangan Segamat
|
| 999 |
|
|
|a 0001791353
|b Book
|c Children Collection
|e Cawangan Muar
|
| 999 |
|
|
|a 0001791354
|b Book
|c Children Collection
|e Cawangan Tmn. Ungku Tun Aminah
|
| 999 |
|
|
|a 0001791355
|b Book
|c Children Collection
|e Perbadanan Perpustakaan Awam Johor
|
| 999 |
|
|
|a 0001791356
|b Book
|c Children Collection
|e Cawangan Taman Sri Lambak
|
| 999 |
|
|
|a 0001791357
|b Book
|c Children Collection
|e Cawangan Bandar Penawar
|
| 999 |
|
|
|a 0001791358
|b Book
|c Children Collection
|e Cawangan Tangkak
|
| 999 |
|
|
|a 0001791359
|b Book
|c Children Collection
|e Cawangan Mersing
|
| 999 |
|
|
|a 0001791360
|b Book
|c Children Collection
|e Cawangan Bukit Gambir
|
| 999 |
|
|
|a 0001791361
|b Book
|c Children Collection
|e Cawangan Pontian
|
| 999 |
|
|
|a 0001791362
|b Book
|c Children Collection
|e Cawangan Bandar Tenggara
|
| 999 |
|
|
|a 0001791363
|b Book
|c Children Collection
|e Cawangan Batu Pahat
|
| 999 |
|
|
|a 0001791364
|b Book
|c Children Collection
|e Cawangan Taman Universiti
|